LEADER 01204nam a2200277 i 4500 001 991003577589707536 008 180911s2017 flu b 001 0 eng d 020 $a9781498738606 035 $ab14354676-39ule_inst 040 $aBibl. Dip.le Aggr. Ingegneria Innovazione - Sez. Ingegneria Innovazione$beng 082 00$a518.25$223 100 1 $aPepper, Darrell W.$0504410 245 14$aThe finite element method :$bbasic concepts and applications with MATLAB, MAPLE, and COMSOL /$cDarrell W. Pepper, Juan C. Heinrich 250 $atrd ed. 264 1$aBoca Raton :$bCRC Press,$cc2017 300 $axviii, 609 pages ;$c25 cm 490 0 $aSeries in computational and physical processes in mechanics and thermal sciences 504 $aIncludes bibliographical references and index 650 0$aFinite element method 700 1 $aHeinrich, Juan C. 907 $a.b14354676$b29-11-18$c29-11-18 912 $a991003577589707536 945 $aLE026 518.25 PEP 01.01 2017$g1$i2026000073019$lle026$nProf. Pinnola / Biblioteca$op$pE131.00$q-$rl$s- $t4$u1$v0$w1$x0$y.i15870194$z29-11-18 996 $aFinite element method$91749340 997 $aUNISALENTO 998 $ale026$b11-09-18$cm$da $e $feng$gflu$h4$i0 LEADER 01191nam a2200289 i 4500 001 991000382429707536 005 20020509165718.0 008 010131s1979 it ||| | ita 020 $a8820414821 035 $ab11349104-39ule_inst 035 $aPARLA207057$9ExL 040 $aDip.to Scienze Storiche Fil. e Geogr.$bita 082 0 $a282.45 100 1 $aPeyronel Rambaldi, Susanna$0140461 245 10$aSperanze e crisi nel Cinquecento modenese :$btensioni religiose e vita cittadina ai tempi di Giovanni Morone /$cSusanna Peyronel Rambaldi 260 $aMilano :$bAngeli,$c1979 300 $a291 p. ;$c22 cm. 490 0 $aStudi e ricerche storiche 650 4$aModena$xStoria religiosa$ySec. 16. 650 4$aMorone, Giovanni 907 $a.b11349104$b01-03-17$c01-07-02 912 $a991000382429707536 945 $aLE009 STOR.51-87bis$g1$i2009000039896$lle009$o-$pE0.00$q-$rl$s- $t0$u0$v0$w0$x0$y.i11525034$z01-07-02 945 $aLE009 STOR.51-87$g1$i2009000039902$lle009$o-$pE0.00$q-$rl$s- $t0$u0$v0$w0$x0$y.i11525046$z01-07-02 996 $aSperanze e crisi nel Cinquecento modenese$9825141 997 $aUNISALENTO 998 $ale009$b01-01-01$cm$da $e-$fita$git $h0$i2